000 00576nam a22001697a 4500
003 OSt
005 20171010095438.0
008 120531t xxu||||| |||| 00| 0 eng d
040 _aMMSU
_cULS
100 _aOducayen, Maria Concepcion M.
_99818
245 _aPollution monitoring in paoay lake using allium test
_cMaria Concepcion M. Oducayen
260 _c2007
300 _axiv, 38 leaves
_c28 cm.
500 _aThesis (BS Biology) -- Mariano Marcos State University-COllege of Arts and Sciences, Batac City
504 _aBibliography: leaves 26-27
942 _2ddc
_cTHEDIS
999 _c9524
_d9524